Ako dobre bývať /
Na minha lista:
| Autor principal: | |
|---|---|
| Formato: | Livro |
| Idioma: | eslovaco |
| Publicado em: |
Bratislava :
Vydavateľstvo Premedia,
2019
|
| Edição: | 1. vydanie |
| Assuntos: | |
| Tags: |
Sem tags, seja o primeiro a adicionar uma tag!
|
MARC
| LEADER | 00000nam a22000003a 4500 | ||
|---|---|---|---|
| 001 | 0090231 | ||
| 003 | SK-STU | ||
| 005 | 20210910111200.0 | ||
| 007 | ta | ||
| 008 | 210910s ----xo-----e------000-0-----d | ||
| 020 | |a 978-80-8159-802-9 | ||
| 040 | |a STU |b slo | ||
| 041 | 0 | |a slo | |
| 044 | |a xo | ||
| 100 | 1 | |a Kotradyová, Veronika, |d 1974- |u 055150 |4 aut |r Z1 |U FAD Fakulta architektúry |T FA Ústav interiéru a výstavníctva |X 344 |U A5150 |Y 396 |7 A000000344 | |
| 245 | 1 | 0 | |a Ako dobre bývať / |c aut. Veronika Kotradyová |
| 250 | |a 1. vydanie | ||
| 260 | |a Bratislava : |b Vydavateľstvo Premedia, |c 2019 | ||
| 300 | |a 184 s. | ||
| 650 | 0 | 7 | |a bývanie |
| 650 | 0 | 7 | |a bytový interiér |
| 650 | 0 | 7 | |a delenie materiálov |
| 650 | 0 | 7 | |a hygiena |
| 650 | 0 | 7 | |a ovzdušie |
| 650 | 0 | 7 | |a osvetlenie |
| 650 | 0 | 7 | |a home office |
| 996 | |b 284AU09010 |c A* 12290/U |l AAKNST |s P |a 0 |w 0090231_0001 | ||
| 996 | |b 284AU09011 |c A* 12291/U |l AAKNAR |s A |a 24 |w 0090231_0002 | ||
| 996 | |b 284AU09012 |c A* 12292/U |l AAKNAR |s A |a 24 |w 0090231_0003 | ||